000 00748nam a2200241 a 4500
001 000021931
005 20200930011516.0
008 100914s1969 ve r 000 jbspa d
040 _aDO-SdBNP
_bspa
_cBNPHU
082 _a853.912
_bP321d
100 1 _aPatti, Ercole
_945513
240 0 _aLe donne e altri racconti
_lespañol
245 1 4 _aLas Mujeres :
_brelatos /
_cErcole Patti; traducción, Rosa Moreno Roger.
260 _aCaracas :
_bMonte Avila,
_c1969.
300 _a162 p. ;
_c20 cm.
490 1 _aPrisma ;
534 _aTítulo original :
_tLe donne e altri racconti
650 4 _aNovela italiana
_94322
650 4 _aLiteratura italiana
_93329
700 1 _aMoreno Roger, Rosa
_etr.
_931811
830 0 _aPrisma
_93770
049 _aBNGR
999 _c21429
_d21429